Statistics for Top 50 players in world rugby 2023

Click here to take the quiz!

General Stats

  • This quiz has been taken 78 times
  • The average score is 13 of 50

Answer Stats

RankAnswerCountry% Correct
1.Antoine DupontFRA
98%
14.Johnny SextonIRE
72%
27.Romain NtamackFRA
63%
3.Ardie SaveaNZ
59%
9.Damian PenaudFRA
59%
38.
Cheslin KolbeSA
55%
40.Jordie BarrettNZ
52%
16.Thomas RamosFRA
52%
4.Gregory AlldrittFRA
50%
30.Scott BarrettNZ
50%
26.Josh van der FlierSA
47%
31.Aaron SmithNZ
39%
22.Gael FickouFRA
39%
2.Eben EtzebethSA
38%
42.Cyril BailleFRA
34%
13.Julien MarchandFRA
34%
43.Charles OllivonFRA
31%
36.Finn RussellSCO
30%
21.Garry RingroseIRE
30%
35.Tadhg FurlongIRE
30%
50.Pieter-Steph du ToitSA
28%
10.Hugo KeenanIRE
27%
5.Caelan DorisIRE
25%
34.Josua TuisovaFIJ
25%
11.Dan SheehanIRE
22%
8.Jonathan DantyFRA
22%
20.Will JordanNZ
22%
48.Mack HansenIRE
20%
39.Richie Mo'ungaNZ
20%
7.Tadhg BeirneIRE
20%
12.James RyanIRE
17%
15.Levani BotiaFIJ
14%
45.Robbie HenshawIRE
14%
6.Will SkeltonAUS
14%
46.Rieko IoaneNZ
11%
18.Malcolm MarxSA
9%
19.Steven KitshoffSA
9%
49.Davit NiniashviliGEO
6%
25.Frans MalherbeSA
6%
23.Julian MontoyaARG
5%
37.Emmanuel MeafouUNCAPPED
3%
41.Gabin VilliereFRA
3%
29.Marcos KremerARG
3%
24.Pablo MateraARG
3%
17.Samu KereviAUS
3%
32.Jack WillisENG
2%
44.Marika KoroibeteAUS
2%
47.Taniela TupouAUS
2%
28.Willie le RouxSA
2%
33.Tawera Kerr-BarlowNZ
0%

Score Distribution

Percentile by Number Answered

Percent of People with Each Score

Your Score History

You have not taken this quiz